| 000 | 004840000a22001810004500 | ||
|---|---|---|---|
| 003 | LK-CoMWRAF | ||
| 008 | 230817t ||||| |||| 00| 0 eng d | ||
| 020 | _a0912917016 | ||
| 040 |
_aLK-CoMWRAF _dLK-CoMWRAF _eLK-CoMWRAF |
||
| 041 | _aeng | ||
| 082 |
_a350 _bMER |
||
| 100 | _aMertus, Julie | ||
| 245 |
_aLocal Action Global Change _bLearning abaut the Human rights of wokmen and girls |
||
| 260 |
_aUSA _bUNIFEM _c1999 |
||
| 300 | _ap.254 | ||
| 650 | _awomen's rights | ||
| 942 | _cBK | ||
| 999 |
_c3138 _d3138 |
||